| 000 | 00482cam a2200193ua 4500 | ||
|---|---|---|---|
| 001 | 11396 | ||
| 008 | 191012n ii |||gr||||Z||||||eng | ||
| 020 | _a9789386053732 | ||
| 040 | _cMAIN | ||
| 082 | _a306.8 | ||
| 100 |
_aMaya Majumdar, _eAuthor. |
||
| 245 |
_aMarriage, family and kinship _cBy Maya Majumdar |
||
| 250 | _a1st. | ||
| 260 |
_aNew Delhi: _bWisdom press, _c2017. |
||
| 300 | _a193p. | ||
| 653 | _aCulture & institutions | ||
| 653 | _astudy of family | ||
| 942 | _cBK | ||
| 999 |
_c10238 _d10238 |
||